BIBLIOTECA PODER JUDICIAL
Portal Judicial TDF

Derecho a regularizar la situación migratoria irregular / (Registro nro. 6120)

000 -LEADER
fixed length control field 00875nabaa22001937a 4500
003 - CONTROL NUMBER IDENTIFIER
control field OSt
005 - DATE AND TIME OF LATEST TRANSACTION
control field 20260122204303.0
008 - FIXED-LENGTH DATA ELEMENTS--GENERAL INFORMATION
fixed length control field 190701b xxu||||| |||| 00| 0 spa d
040 ## - CATALOGING SOURCE
Transcribing agency PJ
100 ## - MAIN ENTRY--PERSONAL NAME
9 (RLIN) 6886
Personal name Mario A. Fernández Moreno.
245 10 - TITLE STATEMENT
Title Derecho a regularizar la situación migratoria irregular /
Remainder of title Mario A. Fernández Moreno.
300 ## - PHYSICAL DESCRIPTION
Extent p. 36-45
505 ## - FORMATTED CONTENTS NOTE
Formatted contents note Sumario: I. La cuestión migratoria.— II. Las prerrogativas de la Administración.— III. Los derechos del administrado.— IV. Regularizar lo irregular.— V. Conclusión.
505 ## - FORMATTED CONTENTS NOTE
Title ¿Te interesa el texto completo? Comunicate al correo: koha@justierradelfuego.gov.ar
650 #0 - SUBJECT ADDED ENTRY--TOPICAL TERM
9 (RLIN) 211
Topical term or geographic name as entry element DERECHO ADMINISTRATIVO
650 #0 - SUBJECT ADDED ENTRY--TOPICAL TERM
9 (RLIN) 4478
Topical term or geographic name as entry element MIGRACIONES
773 0# - HOST ITEM ENTRY
Host Biblionumber 2842
Host Itemnumber 3251
Place, publisher, and date of publication Buenos Aires : AbeledoPerrot, 2012-
Other item identifier DA121
Title Derecho administrativo. Nº 147 mayo/junio 2023
International Standard Book Number 18510590
942 ## - ADDED ENTRY ELEMENTS (KOHA)
Source of classification or shelving scheme
Koha item type Analítica Artículo de Revista

No hay ítems disponibles.

12 de Octubre 789 Ushuaia - Tel:  54(02901)441571
Horario de Atención: 8.00 a 17.00 hs. 
bibliotecaush@justierradelfuego.gov.ar
koha@justierradelfuego.gov.ar
Seguinos en nuestras redes @bibliojustdf 

Con tecnología Koha